000 02231nab a2200301 a 4500
005 20210219162150.0
008 991125s1985 mx 000 0 spa u
035 _aUPN01000198917
049 _aART-E
100 1 _aRoca Cuberes, Carles
100 1 _ucarles.roca@upf.edu
222 _aATHENEA DIGITAL: REVISTA DE PENSAMIENTO E INVESTIGACION SOCIAL
245 _aConversation analysis and the study of social institutions : methodological, socio-cultural and epistemic considerations
260 _aEspaña
300 _a303-331
362 0 _a2014 Vol. 14, no. 1
520 3 _aEl objetivo de este estudio es mostrar cómo la disciplina sociológica del análisis de la conversación aborda el estudio de las instituciones sociales. Las instituciones sociales se conciben como la cristalización de las prácticas comunicativas y de interacción de los miembros de la sociedad. Se examinan dos dominios institucionales —las entrevistas psiquiátricas y las entrevistas en las noticias— y una práctica interaccional específica: las ‘formulaciones’. Los resultados muestran que (1) en las entrevistas psiquiátricas las formulaciones ayudan al psiquiatra a transformar las declaraciones de los pacientes para poder así establecer un problema de orden psiquiátrico. (2) En la entrevista televisada, las formulaciones ayudan al entrevistador a clarificar o transformar las declaraciones del entrevistado, o desafiar sus afirmaciones. La comparación de las formulaciones en dos entornos institucionales diferentes sirve para (1) demostrar cómo se adapta la conducta comunicativa en contextos específicos de maneras que invocan y configuran distintas instituciones sociales, y (2) observar el conocimiento, prácticas, lógica, etc., movilizados por los miembros de las comunidades epistémicas de la psiquiatría y el periodismo.
546 _aTexto en inglés
653 0 _aCONVERSACION
653 0 _aANALISIS DE LA ENTREVISTA
653 0 _aINSTITUCIONES SOCIALES
856 4 _uhttp://atheneadigital.net/article/view/v14-n1-roca/pdf
905 _aArticulo
336 _atexto$2rdacontent
337 _acomputadora$2rdamedia
338 _arecurso en linea$2rdacarrier
999 _c171018
_d171018